[Event "Leverkusen-ch op"]
[Site "Leverkusen"]
[Date "2007.01.08"]
[Round "1"]
[White "Wolfradt, Dirk"]
[Black "Waraczynski, Herbert"]
[Result "1-0"]
[WhiteElo "2035"]
[BlackElo "1442"]
[PlyCount "41"]
[EventDate "2007.01.08"]
[EventType "swiss"]
[EventRounds "7"]
[EventCountry "GER"]
[SourceTitle "EXT 2008"]
[Source "ChessBase"]
[SourceDate "2007.11.25"]
[SourceVersion "1"]
[SourceVersionDate "2007.11.25"]
[SourceQuality "1"]

1. e4 d6 2. d4 Nf6 3. Nc3 c6 4. f3 g6 5. Bc4 Bg7 6. Be3 b5 7. Bb3 Bb7 8. Qd2 h5 9. Nh3 a5 10. a4 b4 11. Ne2 Nbd7 12. 0-0 e5 13. dxe5 Nxe5 14. Rad1 Ba6 15. Rfe1 Qd7 16. Qxd6 Nxf3+ 17. gxf3 Qxh3 18. Qxc6+ Nd7 19. Qxa8+ Ke7 20. Qxa6 Qxf3 21. Qd6+ 1-0